Uncertain liaisons / (Record no. 123221)

MARC details
000 -LEADER
fixed length control field 00726nam a22002417a 4500
005 - DATE AND TIME OF LATEST TRANSACTION
control field 20170124105922.0
010 ## - LIBRARY OF CONGRESS CONTROL NUMBER
LC control number A-682572
020 ## - INTERNATIONAL STANDARD BOOK NUMBER
Terms of availability 00
035 ## - SYSTEM CONTROL NUMBER
System control number A-682572
037 ## - SOURCE OF ACQUISITION
Source of stock number/acquisition Cen Lib/Ret
040 ## - CATALOGING SOURCE
Original cataloging agency DPL
Language of cataloging EN
082 ## - DEWEY DECIMAL CLASSIFICATION NUMBER
Classification number 306.7
Item number UND
245 ## - TITLE STATEMENT
Title Uncertain liaisons /
Statement of responsibility, etc edited by Khushwant Singh, Shobna De
246 ## - VARYING FORM OF TITLE
Remainder of title
260 ## - PUBLICATION, DISTRIBUTION, ETC. (IMPRINT)
Name of publisher, distributor, etc Penguin Books India
Date of publication, distribution, etc 1993
Place of publication, distribution, etc New Delhi
270 ## - ADDRESS
City New Delhi
Address 210,chiranjiv tower, nehru place
Postal code 110019
300 ## - PHYSICAL DESCRIPTION
Extent xxv, 231p.:
Dimensions 20cm(Hb)
Other physical details ill.
650 ## - SUBJECT ADDED ENTRY--TOPICAL TERM
Topical term or geographic name as entry element Social Problems
9 (RLIN) 108396
650 ## - SUBJECT ADDED ENTRY--TOPICAL TERM
Topical term or geographic name as entry element Sexual Relations
General subdivision Women
Chronological subdivision India
9 (RLIN) 108397
700 ## - ADDED ENTRY--PERSONAL NAME
Personal name Khushwant Singh
9 (RLIN) 4831
700 ## - ADDED ENTRY--PERSONAL NAME
Personal name DE, Shobha
9 (RLIN) 4832
942 ## - ADDED ENTRY ELEMENTS (KOHA)
Source of classification or shelving scheme Dewey Decimal Classification
Koha item type English Books
Classification part 306.7
Call number suffix UNC
Holdings
Withdrawn status Lost status Damaged status Not for loan Home library Current library Date acquired Source of acquisition Cost, normal purchase price Total Checkouts Total Renewals Full call number Barcode Date last seen Date checked out Copy number Cost, replacement price Price effective from Koha item type
        Central Library Central Library 04/06/2015 Cen Lib/Ret 0.00 2 1 306.7 UNC A-682572 02/12/2021 06/11/2021 1 0.00 04/06/2015 English Books

© Delhi Public Library
Hit Counter
free hit counter